Normal view
MARC view
- بحث تاريخي ، تاريخ- فلسفة
Entry Topical Term
001 - CONTROL NUMBER
- control field: 35462
003 - CONTROL NUMBER IDENTIFIER
- control field: JO-AjAnu
005 - DATE AND TIME OF LATEST TRANSACTION
- control field: 20230606075929.0
008 - FIXED-LENGTH DATA ELEMENTS
- fixed length control field: 230606|| aca||aabn | a|a d
040 ## - CATALOGING SOURCE
- Original cataloging agency: JO-AjAnu
- Transcribing agency: JO-AjAnu
150 ## - HEADING--TOPICAL TERM
- Topical term or geographic name entry element: بحث تاريخي ، تاريخ- فلسفة
670 ## - SOURCE DATA FOUND
- Source citation: Work cat.: (JO-AjAnu)18212: نويهض، وليد, author 35461, المفكرون العرب ومنهج كتابة التاريخ: عروض ومناقشة